Eastern Utah Libraries Catalog: Duchesne, Heber, Roosevelt, & Vernal

Little Dorrit (Record no. 61145)

MARC details
000 -LEADER
fixed length control field 03612cgm a2200805Ia 4500
001 - CONTROL NUMBER
control field ocn319172478
003 - CONTROL NUMBER IDENTIFIER
control field OCoLC
005 - DATE AND TIME OF LATEST TRANSACTION
control field 20241220123253.0
008 - FIXED-LENGTH DATA ELEMENTS--GENERAL INFORMATION
fixed length control field 090424p20092007cau452 g vleng d
007 - PHYSICAL DESCRIPTION FIXED FIELD--GENERAL INFORMATION
fixed length control field vd cvaizs
040 ## - CATALOGING SOURCE
Original cataloging agency ZAE
Transcribing agency ZAE
Modifying agency UPZ
-- UINTA
020 ## - INTERNATIONAL STANDARD BOOK NUMBER
International Standard Book Number 1419880675
020 ## - INTERNATIONAL STANDARD BOOK NUMBER
International Standard Book Number 9781419880674
024 1# - OTHER STANDARD IDENTIFIER
Standard number or code 883929064946
028 42 - PUBLISHER NUMBER
Publisher number 1000092476
Source BBC Video/Warner Home Video
028 42 - PUBLISHER NUMBER
Publisher number 3000021038
Source BBC Video/Warner Home Video
035 ## - SYSTEM CONTROL NUMBER
System control number (OCoLC)319172478
041 0# - LANGUAGE CODE
Language code of text/sound track or separate title eng
043 ## - GEOGRAPHIC AREA CODE
Geographic area code e-uk-en
049 ## - LOCAL HOLDINGS (OCLC)
Holding library UCLB
092 ## - LOCALLY ASSIGNED DEWEY CALL NUMBER (OCLC)
Classification number 791.457
245 00 - TITLE STATEMENT
Title Little Dorrit
Medium [videorecording] /
Statement of responsibility, etc 2 Entertain ; British Broadcasting Corporation ; a BBC Drama/WGBH co-production ; produced by Lisa Osborne ; adapted by Andrew Davies ; directed by Dearbhla Wash, Adam Smith, Diarmuid Lawrence.
250 ## - EDITION STATEMENT
Edition statement Widescreen version.
260 ## - PUBLICATION, DISTRIBUTION, ETC. (IMPRINT)
Place of publication, distribution, etc Burbank, Calif. :
Name of publisher, distributor, etc BBC Video ;
-- distributed by Warner Home Video,
Date of publication, distribution, etc 2009.
300 ## - PHYSICAL DESCRIPTION
Extent 4 videodiscs (ca. 452 min.) :
Other physical details sd., col. ;
Dimensions 4 3/4 in.
538 ## - SYSTEM DETAILS NOTE
System details note DVD, Dolby digital.
500 ## - GENERAL NOTE
General note Originally broadcast as a British television mini-series in 2007.
546 ## - LANGUAGE NOTE
Language note In English.
500 ## - GENERAL NOTE
General note Closed captioned for the hearing impaired.
500 ## - GENERAL NOTE
General note Contains all 14 episodes of the mini-series.
500 ## - GENERAL NOTE
General note Title from container.
500 ## - GENERAL NOTE
General note From the novel by Charles Dickens.
500 ## - GENERAL NOTE
General note Special features: "Little Dorrit : an insight" featurette ; picture gallery.
511 1# - PARTICIPANT OR PERFORMER NOTE
Participant or performer note Matthew Macfadyen, Claire Foy, Tom Courtenay, Alun Armstrong, Judy Parfitt, Emma Pierson, Ruth Jones, Sue Johnston, Bill Paterson, Andy Serkis, James Fleet, Freema Agyeman.
520 ## - SUMMARY, ETC.
Summary, etc When Arthur Clennam returns to London after several years abroad, he wants to learn more about his mother's new seamstress, young Amy Dorrit. His search brings him to the Marshalsea Debtors Prison, where he learns the truth about struggle and hardship in 1820s England.
521 8# - TARGET AUDIENCE NOTE
Target audience note Not rated.
650 #0 - SUBJECT ADDED ENTRY--TOPICAL TERM
Topical term or geographic name as entry element Social classes
Geographic subdivision England
Form subdivision Drama.
9 (RLIN) 5733369
650 #0 - SUBJECT ADDED ENTRY--TOPICAL TERM
Topical term or geographic name as entry element Women dressmakers
Geographic subdivision England
Form subdivision Drama.
9 (RLIN) 6510136
610 20 - SUBJECT ADDED ENTRY--CORPORATE NAME
Corporate name or jurisdiction name as entry element Marshalsea Prison (Southwark, London, England)
Form subdivision Drama.
9 (RLIN) 6192551
651 #0 - SUBJECT ADDED ENTRY--GEOGRAPHIC NAME
Geographic name England
General subdivision Social conditions
Chronological subdivision 19th century
Form subdivision Drama.
9 (RLIN) 6510137
651 #0 - SUBJECT ADDED ENTRY--GEOGRAPHIC NAME
Geographic name London (England)
Form subdivision Drama.
9 (RLIN) 5703301
650 #0 - SUBJECT ADDED ENTRY--TOPICAL TERM
Topical term or geographic name as entry element Television adaptations.
9 (RLIN) 92569
650 #0 - SUBJECT ADDED ENTRY--TOPICAL TERM
Topical term or geographic name as entry element Television mini-series
Geographic subdivision Great Britain.
9 (RLIN) 6498069
650 #0 - SUBJECT ADDED ENTRY--TOPICAL TERM
Topical term or geographic name as entry element Video recordings for the hearing impaired.
9 (RLIN) 6192554
700 1# - ADDED ENTRY--PERSONAL NAME
Personal name Osborne, Lisa.
9 (RLIN) 6192555
700 1# - ADDED ENTRY--PERSONAL NAME
Personal name Walsh, Dearbhla,
Relator term direction.
9 (RLIN) 68104
700 1# - ADDED ENTRY--PERSONAL NAME
Personal name Smith, Adam,
Relator term direction.
9 (RLIN) 27131
700 1# - ADDED ENTRY--PERSONAL NAME
Personal name Lawrence, Diarmuid,
Relator term direction.
9 (RLIN) 63479
700 1# - ADDED ENTRY--PERSONAL NAME
Personal name Davies, Andrew,
Dates associated with a name 1936-
9 (RLIN) 10759
700 1# - ADDED ENTRY--PERSONAL NAME
Personal name Macfadyen, Matthew,
Dates associated with a name 1974-
Relator term cast.
9 (RLIN) 72719
700 1# - ADDED ENTRY--PERSONAL NAME
Personal name Foy, Claire,
Relator term cast.
9 (RLIN) 5747540
700 1# - ADDED ENTRY--PERSONAL NAME
Personal name Courtenay, Tom,
Relator term cast.
9 (RLIN) 21434
700 1# - ADDED ENTRY--PERSONAL NAME
Personal name Armstrong, Alun,
Relator term cast.
9 (RLIN) 66048
700 1# - ADDED ENTRY--PERSONAL NAME
Personal name Parfitt, Judy,
Dates associated with a name 1935-
Relator term cast.
9 (RLIN) 5870563
700 1# - ADDED ENTRY--PERSONAL NAME
Personal name Pierson, Emma,
Dates associated with a name 1981-
Relator term cast.
9 (RLIN) 73501
700 1# - ADDED ENTRY--PERSONAL NAME
Personal name Jones, Ruth,
Dates associated with a name 1966-
Relator term cast.
9 (RLIN) 6192556
700 1# - ADDED ENTRY--PERSONAL NAME
Personal name Johnston, Sue,
Dates associated with a name 1943-
Relator term cast.
9 (RLIN) 68025
700 1# - ADDED ENTRY--PERSONAL NAME
Personal name Paterson, Bill,
Dates associated with a name 1945-
Relator term cast.
9 (RLIN) 59022
700 1# - ADDED ENTRY--PERSONAL NAME
Personal name Serkis, Andy,
Relator term cast.
9 (RLIN) 59379
700 1# - ADDED ENTRY--PERSONAL NAME
Personal name Fleet, James,
Relator term cast.
9 (RLIN) 58444
700 1# - ADDED ENTRY--PERSONAL NAME
Personal name Agyeman, Freema,
Relator term cast.
9 (RLIN) 6192557
710 2# - ADDED ENTRY--CORPORATE NAME
Corporate name or jurisdiction name as entry element 2 Entertain (Firm)
9 (RLIN) 74066
710 2# - ADDED ENTRY--CORPORATE NAME
Corporate name or jurisdiction name as entry element British Broadcasting Corporation.
9 (RLIN) 8652
710 2# - ADDED ENTRY--CORPORATE NAME
Corporate name or jurisdiction name as entry element WGBH (Television station : Boston, Mass.)
9 (RLIN) 12801
710 2# - ADDED ENTRY--CORPORATE NAME
Corporate name or jurisdiction name as entry element BBC Video (Firm)
9 (RLIN) 61947
710 2# - ADDED ENTRY--CORPORATE NAME
Corporate name or jurisdiction name as entry element Warner Home Video (Firm)
9 (RLIN) 61103
942 ## - ADDED ENTRY ELEMENTS (KOHA)
Koha item type DVD
994 ## -
-- C0
-- UINTA
998 ## - LOCAL CONTROL INFORMATION (RLIN)
-- a124234
Holdings
Withdrawn status Lost status Source of classification or shelving scheme Materials specified (bound volume or other part) Damaged status Not for loan Collection code Home library Current library Shelving location Date acquired Source of acquisition Cost, normal purchase price Total Checkouts Total Renewals Full call number Barcode Date last seen Date checked out Cost, replacement price Price effective from Koha item type Public note
    Dewey Decimal Classification .CIRCNOTE. 4 discs     Movies Wasatch County Library Wasatch County Library Audio Visual Area 05/04/2009 Amazon 34.95 117 8 DVD Lit 34301000819021 08/07/2025 07/16/2025 34.95 03/20/2020 DVD .PUBLIC. 4 discs
This project was made possible through a grant from the Institute of Museum and Library Service administered by the Utah State Library Division.

Wasatch County Library

  • 465 East 1200 South, Heber City, Utah 84032
  • Phone 435-654-1511 | Fax 435-654-6456

Hours

  • Monday - Friday 9:30 AM - 8:00 PM
  • Saturday 9:30 AM - 1:30 PM
  • Closed Sundays and Holidays